000 01065cam a2200313 i 4500
001 19961610
003 OSt
005 20250609150947.0
008 170822s2019 at 001 0 eng
010 _a 2017953024
020 _a9789355730985
040 _aDLC
_beng
_erda
_cDLC
042 _apcc
050 0 0 _aHD30.25
_b.A53 2019
082 _a658.403
_bAND/I
100 _aAnderson, David R
_d1941-
_q(David Ray),
_eauthor.
_9879
245 1 3 _aAn introduction to management science :
_bquantitative approaches to decision making /
_cDavid R. Anderson [and 6 others].
250 _aFifteenth edition.
264 1 _aDelhi:
_bCengage,
_c[2019]
300 _axxvii, 760 pages ;
_c29 cm
336 _atext
_btxt
_2rdacontent
337 _aunmediated
_bn
_2rdamedia
338 _avolume
_bnc
_2rdacarrier
500 _aIncludes index.
650 0 _aManagement science.
650 0 _aManagement science
_xMathematical models.
650 0 _aManagement science
_vProblems, exercises, etc.
942 _2ddc
_cBK
_h658.403
_iAND/I
_k658.403
_mAND/I
999 _c44441
_d44441